• 首页
  • 本馆介绍
  • 公告通知
  • 最新文献
  • 馆藏检索
  • 电子资源
  • 读者导购
  • 参考咨询
  • 我的图书馆
  • 登录
  • 详细信息显示
  • 放入我的书架
  • 预约/预借图书
  • 作者相关作品
  • 分类相关作品
  • 丛书相关作品
  • 出版社相关作品

书目信息

  • 表格格式
  • 工作单格式
  • 卡片格式
题名:
中国文学家辞典
    
 
作者:
分册: 古代第一分册  
出版信息: 成都    1978
页数: 207页
开本: 19cm
丛书名:
单 册:
中图分类: K825.6-61 , I-61
科图分类:
主题词: 作家--中国--词典 , 作家--中国--现代--词典 , 文学
电子资源:
ISBN:
000 00743nam0 2200241 45
001 1532948653
005 20150128111047.32
010    @dCNY0.95
100    @a19930223d1978 em y0chiy0121 ea
101 0  @achi
105    @ay g 000zd
200 10 @a中国文学家辞典@AZHONG GUO WEN XUE JIA CI DIAN@h古代第一分册
210    @a成都@d1978
215    @a207页@d19cm
330    @a收录了自五四至当今有影响的作家、各族作家、海外华人作家等。每个作家包括:职称、原名、笔名、生卒年月、籍贯、生平事迹、文学活动及其作品等。
540 1  @a文学家@AWEN XUE JIA
606    @a作家@y中国@x词典
606    @a作家@y中国@z现代@x词典
606 0  @a文学
690    @aK825.6-61@v三版
690    @aI-61@v4
801  0 @aCN@bTSSF@c20150128
905    @aZUCC@dI-61@eJY1:1
    
    中国文学家辞典.古代第一分册.-成都,1978
    207页;19cm
    
    
    ISBN :CNY0.95
    收录了自五四至当今有影响的作家、各族作家、海外华人作家等。每个作家包括:职称、原名、笔名、生卒年月、籍贯、生平事迹、文学活动及其作品等。
●
相关链接 在E读中查询图书 在五车中查询图书 在当当中查询图书 在豆瓣中查询图书


正题名:中国文学家辞典     索取号:I-61/JY1:1         预约/预借

序号 登录号 条形码 馆藏地/架位号 状态 备注
1 7850838   278508385   学院路分馆/ [索取号:I-61/JY1:1] 在馆    
2 7850839   278508394   学院路分馆/ [索取号:I-61/JY1:1] 在馆    
3 7850840   278508401   学院路分馆/ [索取号:I-61/JY1:1] 在馆    
唐山师范学院图书馆 欢迎您!
大连网信软件有限公司© 版权所有